000 00632cam a2200205 4500500
005 20260111080208.0
041 _afre
042 _adc
100 1 0 _aOrsoni, Gilbert
_eauthor
245 0 0 _aEntretien avec Gilbert Orsoni
260 _c2017.
500 _a51
690 _adictionnaire encyclopédique
690 _aenseignement
690 _afinances publiques
690 _arecherche
690 _aSFFP
786 0 _nGestion & Finances Publiques | 5 | 5 | 2017-05-30 | p. 16-21 | 1969-1009
856 4 1 _uhttps://droit.cairn.info/revue-gestion-et-finances-publiques-2017-5-page-16?lang=fr&redirect-ssocas=7080
999 _c1616006
_d1616006